[Event "Liberec Region-chT 2223"]
[Site "Czech Republic"]
[Date "2023.01.15"]
[Round "6.7"]
[White "Lamac, Stanislav"]
[Black "Liska, Jiri Sr"]
[Result "1-0"]
[WhiteElo "1856"]
[BlackElo "1622"]
[PlyCount "153"]
[EventDate "2022.10.09"]
[EventType "team-tourn"]
[EventRounds "11"]
[EventCountry "CZE"]
[SourceTitle "EXT 2024"]
[Source "ChessBase"]
[SourceDate "2023.10.10"]
[SourceVersion "1"]
[SourceVersionDate "2023.10.10"]
[SourceQuality "1"]

1. d4 b6 2. Nf3 Bb7 3. Bf4 Nf6 4. h3 e6 5. e3 c5 6. c3 h6 7. Bd3 d5 8. Bxb8 Rxb8 9. Qa4+ Ke7 10. Qxa7 c4 11. Bc2 Qc7 12. Qa3+ Kd8 13. b4 cxb3 14. Qxb3 Ba6 15. Ne5 Bd6 16. f4 g5 17. Qa4 Bb7 18. Bd3 gxf4 19. exf4 Ra8 20. Qb3 Nh5 21. 0-0 f6 22. Ng6 Rg8 23. Qd1 Nxf4 24. Nxf4 Bxf4 25. Qf3 e5 26. Bb5 Bc6 27. Bxc6 Qxc6 28. dxe5 fxe5 29. Rd1 Ra5 30. g4 Ke7 31. Nd2 Rga8 32. Qd3 e4 33. Qf1 Rf8 34. Qe2 Bxd2 35. Qxd2 Rf3 36. Rf1 Rxh3 37. Qf4 Rf3 38. Rxf3 exf3 39. Re1+ Kd8 40. Qf8+ Kd7 41. Qf7+ Kd8 42. Qf8+ Kd7 43. Re7+ Kd6 44. Rg7+ Ke5 45. Qf5+ Kd6 46. Rg6+ Kc5 47. Rxc6+ Kxc6 48. Qc2 Rc5 49. Qa4+ Kb7 50. Qb3 Kc6 51. Kf2 Rb5 52. Qc2 Ra5 53. Kxf3 Kc5 54. Kf4 b5 55. Kf5 Ra6 56. Qb3 Ra4 57. Ke5 Re4+ 58. Kf5 Ra4 59. Qb2 Ra6 60. Qb4+ Kc6 61. Ke5 Ra4 62. Qd6+ Kb7 63. Qxd5+ Kb6 64. Qe6+ Kc5 65. Qd5+ Kb6 66. Kf5 Rc4 67. Qxc4 bxc4 68. Kg6 Ka5 69. Kxh6 Ka4 70. g5 Ka3 71. g6 Kxa2 72. g7 Kb3 73. g8Q Kxc3 74. Qg3+ Kb2 75. Qf2+ Kb3 76. Qd2 c3 77. Qc1 1-0

[Event "Liberec Metalmex op"]
[Site "Liberec"]
[Date "2011.08.21"]
[Round "9"]
[White "Lamac, Stanislav"]
[Black "Martinovsky, Miroslav"]
[Result "1/2-1/2"]
[WhiteElo "1788"]
[BlackElo "1879"]
[PlyCount "29"]
[EventDate "2011.08.13"]
[EventType "swiss"]
[EventRounds "9"]
[EventCountry "CZE"]
[SourceTitle "CBM 143 Extra"]
[Source "ChessBase"]
[SourceDate "2011.08.29"]
[SourceVersion "1"]
[SourceVersionDate "2011.08.29"]
[SourceQuality "1"]

1. d4 d5 2. c4 c6 3. Nc3 Nf6 4. Nf3 Bf5 5. e3 e6 6. Nh4 Bg6 7. Nxg6 hxg6 8. cxd5 exd5 9. Bd3 Bd6 10. h3 Nbd7 11. Bd2 Rc8 12. Na4 Ne4 13. Bxe4 dxe4 14. Qb3 b6 15. 0-0-0 1/2-1/2

[Event "Liberec Metalmex op"]
[Site "Liberec"]
[Date "2011.08.17"]
[Round "5"]
[White "Hejduk, Miroslav"]
[Black "Lamac, Stanislav"]
[Result "1/2-1/2"]
[WhiteElo "1601"]
[BlackElo "1788"]
[PlyCount "61"]
[EventDate "2011.08.13"]
[EventType "swiss"]
[EventRounds "9"]
[EventCountry "CZE"]
[SourceTitle "CBM 143 Extra"]
[Source "ChessBase"]
[SourceDate "2011.08.29"]
[SourceVersion "1"]
[SourceVersionDate "2011.08.29"]
[SourceQuality "1"]

1. d4 d5 2. Nf3 e6 3. g3 Nf6 4. Bg2 Be7 5. 0-0 0-0 6. Nbd2 Nbd7 7. c4 c6 8. Re1 Re8 9. Qc2 b6 10. e4 dxe4 11. Nxe4 Bb7 12. Nxf6+ Bxf6 13. Ne5 Bxe5 14. dxe5 Qc7 15. f4 c5 16. b3 Rad8 17. Bb2 Nf8 18. Rad1 h6 19. Re2 Bxg2 20. Kxg2 Re7 21. Red2 Red7 22. Bc3 Qc6+ 23. Kh3 Qf3 24. Rxd7 Rxd7 25. Rxd7 Nxd7 26. Bb2 g5 27. fxg5 hxg5 28. Qd2 Qf1+ 29. Kg4 Qf5+ 30. Kh5 Qg6+ 31. Kg4 1/2-1/2